|
|
|
|
| LEADER |
00000cam a2200000 a 4500 |
| 001 |
vtls009523659 |
| 003 |
SK-MaSNL |
| 005 |
20260301171318.0 |
| 008 |
240318s2009 xo a b 000 0 hun |
| 015 |
|
|
|a SNBA2009/07-03439
|
| 020 |
|
|
|a 9788070894651
|q (viaz.)
|
| 035 |
|
|
|a 668B09D7-3DA4-4C5E-A3EB-F7C3E10B2D84
|
| 035 |
|
|
|a urn:nbn:sk:snk-amk1q4
|
| 035 |
|
|
|a urn:nbn:sk:snk-am00862v
|
| 040 |
|
|
|a SNK
|b slo
|c SNK
|e AACR2
|
| 041 |
0 |
|
|a hun
|
| 044 |
|
|
|a xo
|c SK
|
| 072 |
|
7 |
|a 821.511.1
|x Ugrofínske literatúry
|2 konspekt
|
| 072 |
|
7 |
|a 821-93
|x Literatúra pre deti a mládež
|2 konspekt
|
| 080 |
|
|
|a 821.511.141-1
|2 2001
|
| 080 |
|
|
|a 821-93
|2 2001
|
| 080 |
|
|
|a (0:82-193)
|2 2001
|
| 100 |
1 |
|
|a Verseghy, Erzsébet,
|d 1915-
|4 aut
|9 538796
|
| 245 |
1 |
0 |
|a Fellegjárás
|b versek és tréfás mondókák gyermekeknek
|c Verseghy Erzsébet ; [illusztrálta: Balázsy Géza]
|
| 250 |
|
|
|a 1. kiad.
|
| 260 |
|
|
|a Pozsony
|b Madách-Posonium
|c 2009
|
| 300 |
|
|
|a 29 s.
|b fareb. ilustr.
|c 21 cm
|
| 500 |
|
|
|a Tir. aj slov.
|
| 655 |
|
7 |
|a maďarská poézia
|2 SNKPH
|9 70602
|
| 655 |
|
7 |
|a rečňovanky
|2 SNKPH
|9 277107
|
| 655 |
|
7 |
|a publikácie pre deti
|2 SNKPH
|9 70148
|
| 700 |
1 |
|
|a Balázsy, Géza,
|d 1959-
|4 ill
|9 88598
|
| 752 |
|
|
|a Slovensko
|d Bratislava
|
| 919 |
|
|
|a 978-80-7089-465-1
|
| 958 |
|
|
|a HU
|
| 958 |
|
|
|a NM
|
| 958 |
|
|
|a LX
|
| 958 |
|
|
|a DB
|
| 958 |
|
|
|a OND
|
| 968 |
|
|
|d 821
|
| 999 |
|
|
|c 830455
|d 832385
|
| 952 |
|
|
|a SNK
|b SNK
|y PREZ
|7 0
|p 17A0623091
|o snkSC 135962
|i snk2009/10349
|8 0
|0 0
|1 0
|4 0
|d 2009-06-09
|l 0
|r 2025-07-02 00:00:00
|w 2026-02-24
|
| 952 |
|
|
|a SNK
|b SNK
|y VYP
|7 0
|p 17A0623090
|o snkSC 135962 D1
|i snk2009/10350
|8 0
|0 0
|1 0
|4 0
|d 2009-06-09
|f 1
|l 0
|r 2026-02-24 03:36:11
|w 2026-02-24
|